Bốn bệnh đỏ của lợn và biện pháp phòng trị

Uloženo v:
Podrobná bibliografie
Hlavní autor: Phan Thanh Phượng
Médium: Kniha
Jazyk:Undetermined
Vydáno: H. Nông Nghiệp 2003
Témata:
Tagy: Přidat tag
Žádné tagy, Buďte první, kdo otaguje tento záznam!
Thư viện lưu trữ: Trung tâm Học liệu Trường Đại học Cần Thơ
LEADER 00632nam a2200205Ia 4500
001 CTU_54096
008 210402s9999 xx 000 0 und d
020 |b 16000 
082 |a 636.4089 
082 |b Ph561 
100 |a Phan Thanh Phượng 
245 0 |a Bốn bệnh đỏ của lợn và biện pháp phòng trị 
245 0 |c Phan Thanh Phượng, Trần Thị Hạnh và Phạm Công Hoạt 
260 |a H. 
260 |b Nông Nghiệp 
260 |c 2003 
650 |a swine,veterinary medicine 
650 |x diseases 
904 |i Minh 
980 |a Trung tâm Học liệu Trường Đại học Cần Thơ